[Event "Nikolaev zt"]
[Site "Nikolaev"]
[Date "1995.??.??"]
[Round "4"]
[White "Onischuk, Alexander"]
[Black "Malaniuk, Vladimir P"]
[Result "1-0"]
[WhiteElo "2590"]
[BlackElo "2615"]
[Annotator "Dolmatov,S"]
[PlyCount "51"]
[EventDate "1995.03.??"]
[EventType "swiss"]
[EventRounds "11"]
[EventCountry "UKR"]
[SourceTitle "CBM 047"]
[Source "ChessBase"]
[SourceDate "1995.08.01"]
[SourceVersion "1"]
[SourceVersionDate "1995.08.01"]
[SourceQuality "1"]

1. e4 {Wedberg Ernst} e5 2. Nf3 Nc6 3. Bb5 a6 4. Ba4 d6 5. c3 Bd7 (5... f5 6.
exf5 Bxf5 7. O-O Bd3 8. Re1 $14) 6. d4 g6 (6... Nge7 7. Bb3 h6 8. Nbd2 Ng6 $14)
7. O-O Bg7 {[#]} 8. d5 (8. Re1 Nge7 9. Be3 O-O 10. dxe5 Nxe5 11. Bb3 $14) 8...
Nce7 (8... Nb8 9. c4 (9. Bxd7+ {Wedberg} Nxd7 10. c4 h6 11. Ne1 Ne7 12. Nc3 O-O
13. Nd3 f5 14. f3 Nf6 15. Bd2 $14 {Almasi,Z-Zsinka,L/Cattolica/1993}) 9... Nf6
10. Nc3 O-O) 9. c4 (9. Bxd7+ Qxd7 10. c4 h6 (10... Nf6 {Wedberg} 11. Nc3 O-O (
11... c5 12. a4 O-O 13. Ne1 Ne8 14. Nd3 f5 15. f4 $14 {Solomunovic,I-Straub,Pe/
Baden Baden/1993}) 12. c5 $14 {Simagin-Gipslis/URS/1960}) 11. Nc3 f5 12. exf5 (
12. Ne1 Nf6 13. f3 O-O 14. Qe2 (14. Nd3 c6 15. a4 (15. Be3 Kh7 16. Kh1 fxe4 17.
fxe4 Rf7 18. Qb3 cxd5 19. cxd5 Raf8 $132 {Oll,L-Georgadze,G/Tibilisi/1989})
15... Rf7 16. Bd2 a5 17. Qe2 fxe4 18. fxe4 Raf8 $10 {Almasi,Z-Georgadze,G/New
York op/1993}) 14... Rf7 15. Nd3 f4 16. Bd2 g5 $13 {Cladouras,P-Zsinka,L/
Budapest/1989}) (12. Nd2 Nf6 13. f3 O-O 14. b4 c6 15. a4 cxd5 16. cxd5 Rac8 17.
Bb2 h5 $1 18. a5 Bh6 $15 {Ajupbergenov,A-Kholmov,R/Volgograd/1994}) 12... gxf5
13. Nh4 Nf6 14. f4 e4 15. Be3 O-O 16. h3 c5 17. dxc6 bxc6 18. Qe2 $14 {Fisher,
R-Filip,M/Curasao/1962/}) 9... h6 $6 (9... Nf6 $5 10. Nc3 O-O 11. Ne1 c5 12.
Nd3 $132) (9... Bxa4 {Ernst} 10. Qxa4+ Qd7 11. Qc2 b6 12. Nc3 Nh6 13. Bd2 f6
14. b4 Nf7 15. a4 $14 {|^<<. Fedorowicz,J-Rowley,R/Philadelphia/1992}) (9... b5
$5 {Wedberg} 10. Bb3 f5 11. exf5 gxf5 12. Ng5 Nf6 13. f4 e4 14. Nc3 bxc4 15.
Bxc4 h6 16. Nh3 O-O 17. Be3 Kh7 18. Nf2 Ng6 $13 {Averbach-Volovic/URS/1970})
10. Nc3 f5 11. exf5 (11. Ne1 $6 {Ernst} Nf6 12. f3 f4 $132 {Borriss,M-Mandl,R/
corr/1991}) 11... gxf5 12. Nh4 Nf6 13. f4 e4 14. Ne2 $1 $14 {[#]/\ Be3-d4,/\
Ng3 ><f5} Bxa4 (14... b5 15. Bb3 $16) (14... O-O 15. Nd4 (15. Bxd7 Nxd7 16. Nd4
Bxd4+ 17. Qxd4 $14) 15... c6) 15. Qxa4+ Nd7 (15... Qd7 {Wedberg} 16. Qxd7+ Nxd7
17. Be3 $14) 16. Be3 O-O 17. Bd4 (17. Nd4 Nc5 18. Qa3 Nxd5 $132) 17... c5 (
17... Nc5 $142 {Ernst}) 18. Bxg7 Kxg7 19. Ng3 Qe8 (19... b5 {Ernst} 20. Qd1 $16
{/\ 21.Nhxf5,22.Qg4+}) 20. Rae1 Rd8 (20... Nf6 $2 21. Ngxf5+ Nxf5 22. Nxf5+ $16
) (20... b5 21. cxb5 Nb6 22. Qd1 Nbxd5 23. Ngxf5+ Nxf5 24. Qg4+ $16) 21. Qa5 $1
$16 Rc8 22. Qc3+ Kh7 23. Qc2 Kg8 $2 {[#]} (23... Qf7 $8 24. Nxe4 $2 fxe4 25.
Rxe4 (25. Qxe4+ $2 Ng6 $17) 25... Kg8 (25... Nf5 $2 26. Nxf5 Qxf5 27. Re7+ $18)
(25... Ng6 26. Re6 Rg8 (26... Nf6 $2 27. Nxg6 Qxg6 28. Re7+) 27. Nf5 $40) 26.
Re6 $40) (23... b5 {Ernst} 24. Nxe4 $18) 24. Nxe4 fxe4 25. Qxe4 Rf7 26. Ng6 1-0

[Event "Abu Dhabi op 23rd"]
[Site "Abu Dhabi"]
[Date "2016.08.28"]
[Round "8"]
[White "Andreikin, Dmitry"]
[Black "Demchenko, Anton"]
[Result "1-0"]
[WhiteElo "2733"]
[BlackElo "2600"]
[Annotator "Fischer,J"]
[PlyCount "65"]
[EventDate "2016.08.21"]
[EventType "swiss"]
[EventRounds "9"]
[EventCountry "UAE"]
[SourceTitle "CBM 174 Extra"]
[Source "ChessBase"]
[SourceDate "2016.10.10"]
[SourceVersion "1"]
[SourceVersionDate "2016.10.10"]
[SourceQuality "1"]

1. e4 e5 2. Nf3 Nc6 3. Bb5 a6 4. Ba4 d6 5. c3 Bd7 6. d4 g6 7. Bg5 Be7 8. Be3
Nf6 9. d5 Nb8 10. Bc2 O-O 11. c4 a5 12. Nc3 Na6 13. h3 Qb8 {To let the rook
move to c8 and to have an eye on d6.} 14. Qd2 c6 15. O-O cxd5 16. cxd5 Rc8 17.
Ng5 Nh5 $6 {It is not clear why Black started play on the queenside with ...
Qb8, ...Rc8 and ...c6 and now suddenly plays on the kingside.} (17... b5 {
is more consistent.}) 18. Bd1 $1 Ng7 19. f4 exf4 20. Bxf4 {[#] White now
threatens 21.Nxf7.} f6 $6 {Black weakens his position and invites White to a
promising pawn sacrifice.} ({The engines which know no shame and regret here
recommend} 20... Rf8 {but this is the kind of move humans do not like to make.}
) 21. Ne6 $1 Nxe6 22. dxe6 Bxe6 23. Bg4 {Securing his knight a strong outpost
on d5.} Bxg4 24. Nd5 Re8 25. hxg4 Nb4 26. Be3 $1 ({But not} 26. Nxe7+ Rxe7 27.
Bxd6 Qa7+ 28. Kh2 Rxe4 {and Black is fine.}) 26... Nc6 ({Or} 26... Nxd5 27.
Qxd5+ Kg7 28. g5 Rf8 29. Bd4 {with overwhelming pressure for White.}) 27. Nxf6+
Bxf6 28. Rxf6 {[#] White regained the pawn and has a winning position -
Black's king is too exposed.} Qc8 29. Qd5+ Kh8 30. Raf1 Qxg4 31. Qxd6 Kg8 {
Allowing a simple tactical trick. But Black was lost in any case.} 32. Qd5+ Kh8
33. Rxc6 {With the idea to play 34.Bd4+ next. Black resigned.} 1-0

[Event "Budapest m"]
[Site "Budapest"]
[Date "1993.??.??"]
[Round "4"]
[White "Polgar, Judit"]
[Black "Spassky, Boris Vasilievich"]
[Result "1-0"]
[WhiteElo "2595"]
[BlackElo "2565"]
[Annotator "Ftacnik,L"]
[PlyCount "129"]
[EventDate "1993.01.??"]
[EventType "match"]
[EventRounds "10"]
[EventCountry "HUN"]
[SourceTitle "CBM 033"]
[Source "ChessBase"]
[SourceDate "1993.04.01"]
[SourceVersion "1"]
[SourceVersionDate "1993.04.01"]
[SourceQuality "1"]

1. e4 e5 2. Nf3 Nc6 3. Bb5 g6 4. O-O Bg7 5. c3 a6 6. Ba4 d6 7. d4 Bd7 8. Re1
Nge7 9. d5 Nb8 10. Bxd7+ Nxd7 11. Be3 $1 h6 12. Nfd2 O-O 13. c4 $1 f5 14. f3 c5
15. Nc3 Qc7 16. Rb1 Rfb8 $6 (16... f4 17. Bf2 h5 $132) 17. Qe2 f4 18. Bf2 g5
19. b4 $1 b6 (19... cxb4 $6 20. Rxb4 b5 21. Nb3 Rc8 22. Rc1 bxc4 23. Na4 $1)
20. Rb2 Bf6 21. Reb1 Nc8 (21... h5 $1) 22. g4 $1 Kg7 23. Kg2 Kg6 24. a3 Kg7 25.
Qd1 Kf7 26. Qa4 Ne7 (26... b5 $5 27. Qc2 (27. cxb5 $6 axb5 28. Nxb5 $2 Qd8 $19)
27... bxc4 28. Nxc4 cxb4 $2 29. Nb5 $1 axb5 $2 30. Nxe5+ $18) 27. Qb3 Nc8 28.
a4 a5 $6 (28... Ne7 29. Qa3 Nc8 30. a5 $16) (28... cxb4 $6 29. Qxb4 Nc5 30. a5
$1 Nd3 31. axb6 Qb7 32. Qa5 Nxb2 33. Rxb2 Bd8 34. Na4 $1 $16) 29. Nb5 Qd8 30.
bxa5 Rxa5 31. Ra2 Rba8 32. Qc2 R5a6 33. Rba1 Nb8 34. Nb3 Qd7 35. Be1 Bd8 36.
Bc3 Ne7 37. a5 Ng6 (37... bxa5 38. Bxe5 $1 (38. Bxa5 $16) 38... dxe5 (38... a4
39. Nxd6+ Rxd6 40. Nxc5 Qc7 41. Bxd6 Qxd6 42. Nb7 Qd7 43. Nxd8+ Qxd8 44. Rxa4
$18) 39. Nxc5 Qe8 40. Nxa6 Rxa6 41. d6 Ng6 42. c5 $3 Qxb5 43. Rb2 Qd7 44. Rxb8
Kg7 45. Rab1 Ra7 46. Qc4 $16) 38. Kf2 Ke7 39. axb6 Bxb6 40. Na5 Kf8 (40... Bxa5
41. Bxa5 Nh8 42. Bc7 Rxa2 43. Rxa2 Rxa2 44. Qxa2 Nf7 45. Qb2 Na6 46. Bxd6+ Nxd6
47. Qxe5+ $18) (40... Kf6 41. Nc6 $1 Rxa2 42. Rxa2 Rxa2 43. Qxa2 Nxc6 44. Qa6
$1 Nd4 45. Qxb6 Ke7 46. Qb8 Nh4 47. Bxd4 exd4 48. e5 $18) 41. Nc6 $1 Rxa2 42.
Rxa2 Rxa2 43. Qxa2 Nxc6 44. Qa8+ $1 Nd8 45. Qb8 h5 46. Qxb6 Nf7 (46... hxg4 47.
Nxd6 gxf3 48. Nf5 $1 Kf7 49. Qxc5 g4 50. Qb6 $16) 47. Qb8+ Kg7 48. h3 hxg4 49.
hxg4 Kf6 50. Ba5 Ne7 51. Qf8 (51. Bc7 Nc8) 51... Ng6 52. Qg8 Ne7 53. Qh7 Qe8
54. Bc7 Qa8 $6 (54... Qd7 55. Kg2 Nc8 (55... Ng6 56. Bxd6 $1) 56. Kh3 Ne7 57.
Bb8 {/\ Nb5-c7-e6}) 55. Nxd6 Nxd6 56. Bxd6 Qa2+ 57. Kg1 Qa1+ 58. Kh2 Ng6 59.
Bc7 Qa8 60. Bxe5+ $1 Nxe5 (60... Kxe5 61. Qg7+ Kd6 62. Qxg6+ $18) 61. Qf5+ Kg7
62. Qxe5+ Kg6 63. Qf5+ Kh6 64. Qf6+ Kh7 65. Qf7+ (65. Qf7+ Kh8 66. Qh5+ Kg7 67.
Qxg5+ $18) 1-0

[Event "Veterans-Women"]
[Site "Copenhagen"]
[Date "1997.??.??"]
[Round "4"]
[White "Xie, Jun"]
[Black "Smyslov, Vassily V"]
[Result "0-1"]
[WhiteElo "2495"]
[BlackElo "2480"]
[Annotator "Hansen,Cu"]
[PlyCount "108"]
[EventDate "1997.07.23"]
[EventType "schev"]
[EventRounds "10"]
[EventCountry "DEN"]
[SourceTitle "CBM 061"]
[Source "ChessBase"]
[SourceDate "1997.11.23"]
[SourceVersion "1"]
[SourceVersionDate "1997.11.23"]
[SourceQuality "1"]

1. e4 {Hecht} e5 2. Nf3 Nc6 3. Bb5 g6 4. c3 a6 5. Ba4 d6 6. d4 Bd7 7. O-O Bg7
8. dxe5 {At last years women against veterans tournament in London - the
Foxtrot tournament - Xie Jun played 8. d5 against Smyslov but she lost that
game too.} (8. d5 Nce7 9. Bxd7+ Qxd7 10. c4 Nf6 11. Nc3 O-O 12. Be3 b5 $5 $13 {
Xie,Jun-Smyslov,V/London Wom-Vet (06) 1996 (52)}) 8... dxe5 $5 {A slightly
surprising decision to me.} (8... Nxe5 9. Nxe5 dxe5 {Is, as far as I know, the
easier way to equalise. The below given games by the Exworldchampion indicates
that he knows this very well. After the textmove I believe black is slightly
worse. However the expert Smyslov may be of a different opinion.} 10. f4 Bxa4
11. Qxa4+ b5 $5 12. Qb3 (12. Qc2 exf4 13. Bxf4 Ne7 (13... Nf6 14. Bg5 $5 (14.
Nd2 O-O 15. Nf3 Qe7 16. Rae1 Rfe8 17. Kh1 c5 $11 {Geller,E-Smyslov,V/WchS-Bad
Woerishofen ,EXT (08) 1991 (34)}) 14... Qe7 15. e5 Qxe5 16. Bxf6 Bxf6 17. Qf2
Be7 18. Qxf7+ Kd7 19. Qf3 Raf8 20. Qh3+ Qe6 21. Qxe6+ Kxe6 22. Re1+ {1/2-1/2
Georgiev,Ki-Smyslov,V/Biel izt ,CBM (13) 1993}) 14. Qf2 O-O 15. Qc5 Qd7 16. Nd2
Nc6 17. Nb3 Rad8 $11 {Marjanovic,S-Smyslov,V/Rome ,CBM 1988 (29)}) 12... exf4
13. Bxf4 Nf6 $13 14. Nd2 O-O 15. Rae1 Nd7 16. Qc2 {1/2-1/2 Geller,E-Smyslov,V/
Sochi (02) 1986}) 9. Be3 (9. Bg5 $5 Nge7 10. c4 Nd4 11. Nxd4 exd4 12. Bxe7 Qxe7
13. Bxd7+ Qxd7 14. Qd3 O-O 15. f4 f5 16. e5 g5 17. g3 $14 {Georgadze,T-Smyslov,
V/URS ;Inf 27 1979 (31)}) 9... Nge7 10. Nbd2 O-O 11. Bc2 $6 {Preparing Nd2-c4.
However this could have been done in a better way I think} (11. Nc4 $4 b5) (11.
Bb3 $5 $14) 11... h6 12. a4 {[%cal Yb2b4] /\b2-b4 ()} a5 {Now white has to
decide on a plan. Black can improve his position slowly with b7-b6 and maybe
Ne7-c8-d6. Or - more likely - play for f7-f5} 13. Qb1 $6 {In my opinion to
sophisticated} (13. Nc4 {/\Qe2,Rfd1 or Bc2-b3 may not give white a great
advantage but it is an active continuation and should keep black occupied})
13... b6 14. Bb3 Kh8 15. Rd1 Qe8 16. Ne1 f5 $1 $36 {[%csl Ra1,Rb1,Re1][%cal
Rf5f4] =/+/-/+ Black has played the standardmoves for this line and has taken
over the initiative. Clearly whites heavy pieces on a1, b1 do not stand very
well. Things are happening on the kingside or in the center.} 17. exf5 gxf5 18.
f3 Rd8 19. Nc4 Qg6 20. Na3 {[%csl Rc7][%cal Ra3b5] White is desperately trying
to find counterplay} Be6 $6 {Solid. However with most of whites pieces
standing very strange and badly coordinated it makes sence to look for a more
forceful contination:} (20... e4 $5 {[%cal Yc6e5,Rf5f4,Re4e3] /\Ne5 -> - /
\f5-f4 + e4-e3} 21. Bc2 $8 (21. fxe4 fxe4 22. Nb5 Nf5 $17 {Blacks attack is
very strong and his forces well coordinated}) 21... Ne5 22. fxe4 f4 23. Bf2 (
23. Bd4 f3) 23... f3 24. Bg3 (24. g3 Qh5 {[%csl Rh2][%cal Re5g4,Ye7g6]}) 24...
Qh5 {[%cal Ye7g6,Yg6f4,Rf3f2] /\25. - f2+ 26.Bxf2 Rxf2 27.Kxf2 Ng4+ ->} 25.
gxf3 Rxf3 26. Nxf3 Nxf3+ 27. Kh1 Nxh2 $19 {This is just one variation showing
blacks possibilities with almost all or whites army still "asleep" on the
queenside. I believe it was the logical way to punish whites rather
unfortunate handling of the position.}) 21. Qa2 Bxb3 22. Qxb3 {[%csl Rc7][%cal
Ya3b5]} Na7 {White is not worse any more. A lot of the dynamic has been taking
out of blacks position} 23. Bf2 Nec8 24. Qc4 Qc6 $6 (24... c5 $5 $13) 25. Bh4 (
25. Qxc6 $5 Nxc6 26. Nb5 $14) 25... Rd6 26. Qxc6 Rxc6 27. Rd7 Nd6 28. Rd1 Kg8
29. Be7 $2 (29. Bd8 $1 Rf7 30. Rxc7 $16) 29... Rf7 30. Rd8+ Bf8 31. Bh4 Nc4 $1
$15 {Black is again standing well, because white did not use his chance to
either improve his piece-setup(Ne1) or win material} 32. Nb5 Nxb5 33. axb5 Re6
{[%csl Gc4]} 34. Nd3 Rd6 35. b3 Rxd8 36. Bxd8 Rd7 37. Nf2 Rxd1+ 38. Nxd1 {
[#] Hecht Weak White pawn- and piece-placement; loss of a pawn because of the
threatened metamorphosis of the a-pawn. Powerful and clear conduct of the play
by Black with two passed pawns. [#] Hecht schwache weiße Bauern- und
Figurenstellung; Bauernverlust wegen der drohenden Metamorphose des a-Bauern.
Kraftvolle und klare Spielführung durch Schwarz bei zwei Freibauern.} Nd2 39.
Kf2 (39. Bxc7 Bc5+ 40. Kh1 e4 $19 {[%cal Re4e3,Rd2b3] Blacks pieces are so
much better than he wins easy in spite of being temporarily a P down} (40...
Nxb3 {Hecht} 41. c4 Bd4 $19)) 39... Nxb3 40. Nb2 Bd6 $19 41. Ke2 e4 42. fxe4
fxe4 43. g3 Kf7 44. Kd1 Nc5 45. Nc4 a4 46. Kc2 Ke6 47. Kb2 Nd3+ 48. Ka2 Ne5 49.
Ne3 Nf7 50. Bh4 Ng5 51. Bxg5 hxg5 52. h4 gxh4 53. gxh4 Bc5 54. Ng2 Kf5 0-1

[Event "Corus"]
[Site "Wijk aan Zee"]
[Date "2008.01.13"]
[Round "2"]
[White "Anand, Viswanathan"]
[Black "Mamedyarov, Shakhriyar"]
[Result "1/2-1/2"]
[WhiteElo "2799"]
[BlackElo "2760"]
[Annotator "Marin,M"]
[PlyCount "72"]
[EventDate "2008.01.12"]
[EventType "tourn"]
[EventRounds "13"]
[EventCountry "NED"]
[EventCategory "20"]
[SourceTitle "CBM 122"]
[Source "ChessBase"]
[SourceDate "2008.01.30"]
[SourceVersion "1"]
[SourceVersionDate "2008.01.30"]
[SourceQuality "1"]

1. e4 e5 2. Nf3 Nc6 3. Bb5 a6 4. Ba4 d6 5. c3 g6 6. d4 Bd7 7. O-O Bg7 8. Re1 b5
{The initial idea of the Deferred Steinitz Defence was to refrain from
advancing this pawn in order to avoid weakening the queenside. However, over
recent years, the last move has become popular, owing to Mamedyarov's efforts.}
9. Bc2 ({Mamedyarov was also confronted with the more active} 9. Bb3 {when he
answered} Nf6 {Alekseev,E (2634)-Mamedyarov,S (2709)/Moscow 2006/CBM 112/[Roiz,
M] (1/2-1/2, 49)}) 9... exd4 {With the bishop more passivley placed on c2,
Black is under no immediate pressure. However, giving up the centre so easily
remains a risky decision. However, the uncertain character of the ensuing
positions seems to suit Mamedyarov's style, since he has always escaped dry
out of what looked like deep waters.} ({Paradoxically, Mamedyarov suffered his
only defeat in this line with the more solid} 9... Nf6 10. dxe5 $5 Nxe5 11.
Nxe5 dxe5 12. Be3 O-O (12... Ng4 $5 {is a critical move, although some players
might be discouraged by the fact that Black is not completely developed yet.}
13. Bc5 Qh4 14. h3 Bf8 {Parma,B (2530)-Keres,P (2615)/Yerevan 1971/EXT 99 (0-1,
42)} 15. Bxf8 Nxf2 16. Qe2 Nxh3+ 17. gxh3 Qg3+ 18. Kh1 Qxh3+ 19. Qh2 Kxf8 20.
Nd2 {Black has three connected pawns for the knight, but his weakened
queenside leaves open the question as to whether he has sufficient
compensation.}) 13. Nd2 Be6 $6 (13... Qe7 14. b4 Rfd8 15. Qe2 a5 16. Nb3 axb4
17. Bc5 Qe8 18. cxb4 Nh5 {>< f4} 19. g3 Bh6 $132 {Tiviakov,S (2625)-Giorgadze,
G (2590)/Kropotkin 1995/CBM 047/[Ernst] (1/2-1/2, 30)}) 14. Nf3 $1 $14 {
[%csl Ge5]} Ng4 {Black plays this move under less favourable circumstances.
With the knight on f3 already, there is no counterplay available.} 15. Bc5 Re8
16. h3 Nh6 17. Bb3 $16 {[%csl Gh6] Karjakin,S (2660)-Mamedyarov,S (2709)/Wijk
aan Zee 2006/CBM 111 (1-0, 34). White has the more active piece and the better
pawn structure.}) 10. cxd4 Bg4 11. Be3 (11. d5 {is an important alternative.}
Ne5 12. Nbd2 Bh6 {I do not like this move too much. With several of his pieces
on their initial squares, Black moves with his bishop for the second time.} (
12... Ne7 13. h3 Bxf3 14. Nxf3 O-O {[%cal Gd8d7,Gc7c5,Gf7f5] offers Black
acceptable development, but it is questionable still whether this will balance
White's pair of bishops and advantage of space in the centre.}) 13. h3 Bxd2 14.
Bxd2 Bxf3 15. gxf3 g5 {A logical sequel of the previous moves, but the same
evaluation as after 12...Bh6 applies here.} 16. a4 (16. f4 $6 {This allows
Black maintain his stability in the centre and weakens his own king's position.
} gxf4 17. Bxf4 Qf6 18. Bxe5 Qxe5 19. Qd2 Nf6 $132 {Jakovenko,D (2710)
-Mamedyarov,S (2752)/Moscow 2007 (1/2-1/2, 29)}) 16... Ne7 (16... b4 17. a5 {
[%cal Ga1a4,Ga4b4]}) 17. Bxg5 $1 (17. axb5 axb5 18. Rxa8 Qxa8 19. Qe2 N7g6 20.
Bxg5 h6 21. Be3 Qc8 $44 {[%csl Gf3,Gh3]}) 17... Rg8 18. Kh2 Rxg5 19. f4 Rg6 20.
fxe5 dxe5 21. Qh5 Rf6 22. Re2 $14 {Black's stability on the dark squares does
not compensate completely for his structural defects.}) 11... Nge7 12. Nc3 O-O
13. Rc1 Kh8 $146 {Black makes a generally useful moves, hoping that White will
not find a way to get out of the pin too easily.} ({Previously, he had played} 
13... f5 14. exf5 Nxf5 15. Nxb5 (15. Bxf5 $5 Rxf5 16. Qb3+ Kh8 17. Ng5 {
might be a better try.} Qd7 18. f3 Nxd4 19. Qd1 Rxg5 20. Bxg5 Be6 21. Ne4 c5
22. Bf6 $14 {[%csl Gd4][%cal Gb2b4] Black has some compensation for the
exchange, but the vulnerable position of his king leaves him struggling.})
15... axb5 16. Bxf5 Rxf5 17. Rxc6 Kh8 $44 {Ivanchuk,V (2729)-Mamedyarov,S 
(2709)/Wijk aan Zee 2006/CBM 111 (1/2-1/2, 27)}) 14. Qd2 $1 {Anand does not
fear the exchange on f3, because this will strengthen his control over the
centre.} Bxf3 {Otherwise, White would play Bd1 anyway.} 15. gxf3 Qd7 16. Ne2 {
White starts to clear the c-file, in order to underline the main drawback of
combining ...b5 with ...exd4.} f5 17. Bd1 fxe4 18. fxe4 d5 {This is the only
way to justify the development of the king's knight on e7, but now the
queenside weaknesses will become even more relevant, while the bishop will
remain passive on g7.} 19. e5 Nf5 20. Nf4 (20. Ng3 $5 {looks like a better
chance for a stable advantage.} Nh4 (20... Nxe3 21. Qxe3 $14) 21. Bg5 Nf3+ 22.
Bxf3 Rxf3 23. Re3 Rxe3 24. Qxe3 $14 {[%csl Rg7][%cal Gc1c7,Gh2h4]}) 20... Nxe3
21. fxe3 $14 {White has improved his structure, but his king's position has
been weakened. Besides, after} Bh6 $132 {the enemy bishop becomes active.
Eventually, Mamedyarov will again survive in his "lucky variation".} 22. Qc3
Nd8 23. Qxc7 Qxc7 24. Rxc7 Bxf4 25. exf4 Ne6 26. Rd7 Rxf4 27. Bb3 Nxd4 28. Bxd5
Re8 29. e6 Nf3+ 30. Bxf3 Rxf3 31. Ra7 Rd3 32. Rxa6 Rd2 33. b4 Re7 34. a4 bxa4
35. b5 Rb2 36. b6 Re8 1/2-1/2